Central Library OPAC University of Rajshahi

Regional seminar on techniques of social research : (Record no. 34923)

MARC details
000 -LEADER
fixed length control field 00745nam a22002171 4500
001 - CONTROL NUMBER
control field 34923
003 - CONTROL NUMBER IDENTIFIER
rucl marc code BD-RjUL
005 - DATE AND TIME OF LATEST TRANSACTION
control field 20211209052230.0
008 - FIXED-LENGTH DATA ELEMENTS--GENERAL INFORMATION
fixed length control field 140520s1959 ii a 000 0 eng d
035 ## - SYSTEM CONTROL NUMBER
System control number (OCoLC)ocm34670239
System control number (BD-RjUL)35017
040 ## - CATALOGING SOURCE
Original cataloging agency EIT
Transcribing agency EIT
Modifying agency ZCU
-- BD-RjUL
Language of cataloging eng
041 ## - LANGUAGE CODE
Language code of text/sound track or separate title eng
082 ## - DEWEY DECIMAL CLASSIFICATION NUMBER
Classification number 304.6
Author mark and year REG 1959
110 2# - MAIN ENTRY--CORPORATE NAME
Corporate name or jurisdiction name as entry element Unesco.
Subordinate unit Research Centre on the Social Implications of Industrialization in Southern Asia.
9 (RLIN) 106311
245 10 - TITLE STATEMENT
Title Regional seminar on techniques of social research :
Remainder of title (Proceedings of the seminar held at Calcutta 15-20, Dec. 1958) /
260 ## - PUBLICATION, DISTRIBUTION, ETC. (IMPRINT)
Place of publication, distribution, etc. Calcutta :
Date of publication, distribution, etc. 1959.
Name of publisher, distributor, etc. Unesco,
300 ## - PHYSICAL DESCRIPTION
Pagination 169 p. :
Illustrations ill.;
Size 21 cm.
650 #0 - SUBJECT ADDED ENTRY--TOPICAL TERM
Topical term or geographic name as entry element Social sciences
General subdivision Research.
9 (RLIN) 106310
942 ## - ADDED ENTRY ELEMENTS (KOHA)
Source of classification or shelving scheme Dewey Decimal Classification
Koha item type Books
Holdings
Lost status Source of classification or shelving scheme Damaged status Not for loan Collection code Permanent Location Current Location Shelving location Date acquired Source of acquisition Cost, normal purchase price Total Checkouts Full call number Date last seen Copy number Koha item type
  Dewey Decimal Classification   Not For Loan Non-fiction Central Library, University of Rajshahi Central Library, University of Rajshahi Reading Room 18/08/1965 Unesco Gift 0.00   304.6 REG 1959 20/05/2014 C-1 Books